[Event "LAT-ch"]
[Site "Riga"]
[Date "2018.05.06"]
[Round "9"]
[White "Levchenkov, Vitaly S"]
[Black "Kretainis, Kristaps"]
[Result "0-1"]
[WhiteElo "2122"]
[BlackElo "2217"]
[PlyCount "48"]
[EventDate "2018.04.30"]
[EventType "swiss"]
[EventRounds "9"]
[EventCountry "LAT"]
[SourceTitle "CBM 184 Extra"]
[Source "ChessBase"]
[SourceDate "2018.06.28"]
[SourceVersion "1"]
[SourceVersionDate "2018.06.28"]
[SourceQuality "1"]

1. e4 d6 2. d4 Nf6 3. Nc3 e5 4. Nf3 Nbd7 5. Bc4 Be7 6. 0-0 0-0 7. Re1 c6 8. a4 Qc7 9. h3 a5 10. Be3 exd4 11. Bxd4 Ne5 12. Bb3 Nfd7 13. Qe2 Bf6 14. Rad1 Nc5 15. Bxc5 dxc5 16. Rd2 b6 17. Red1 Ba6 18. Qe3 Rad8 19. Qf4 Rxd2 20. Rxd2 Qe7 21. Nxe5 Bxe5 22. Qf5 c4 23. Ba2 Bxc3 24. bxc3 Qa3 0-1

[Event "LAT-ch"]
[Site "Riga"]
[Date "2018.05.04"]
[Round "7"]
[White "Jankovskis, Guntis"]
[Black "Kretainis, Kristaps"]
[Result "1/2-1/2"]
[WhiteElo "2306"]
[BlackElo "2217"]
[PlyCount "40"]
[EventDate "2018.04.30"]
[EventType "swiss"]
[EventRounds "9"]
[EventCountry "LAT"]
[SourceTitle "CBM 184 Extra"]
[Source "ChessBase"]
[SourceDate "2018.06.28"]
[SourceVersion "1"]
[SourceVersionDate "2018.06.28"]
[SourceQuality "1"]

1. c4 e6 2. g3 d5 3. d4 Nf6 4. Nf3 Bb4+ 5. Bd2 Bxd2+ 6. Nbxd2 0-0 7. Bg2 c6 8. 0-0 Nbd7 9. Qc2 b6 10. e4 Bb7 11. e5 Ne8 12. h4 Rc8 13. c5 f5 14. exf6 gxf6 15. Rfe1 Nc7 16. b4 Re8 17. Bh3 Nf8 18. a4 b5 19. axb5 Nxb5 20. Nb1 Rc7 1/2-1/2

[Event "LAT-ch"]
[Site "Riga"]
[Date "2018.05.02"]
[Round "4"]
[White "Kretainis, Kristaps"]
[Black "Bolsakovs, Vadims"]
[Result "0-1"]
[WhiteElo "2217"]
[BlackElo "2128"]
[PlyCount "60"]
[EventDate "2018.04.30"]
[EventType "swiss"]
[EventRounds "9"]
[EventCountry "LAT"]
[SourceTitle "CBM 184 Extra"]
[Source "ChessBase"]
[SourceDate "2018.06.28"]
[SourceVersion "1"]
[SourceVersionDate "2018.06.28"]
[SourceQuality "1"]

1. e4 c6 2. d4 d5 3. e5 Bf5 4. Nd2 e6 5. Nb3 Nd7 6. c3 Ne7 7. Ne2 h5 8. Nf4 h4 9. Be2 Qc7 10. Be3 0-0-0 11. c4 dxc4 12. Nd2 Nd5 13. 0-0 f6 14. Bxc4 fxe5 15. Nxd5 exd5 16. Bxd5 Nf6 17. Bc4 exd4 18. Qf3 Bg4 19. Bf4 Bd6 20. Bxd6 Qxd6 21. Qb3 d3 22. f3 Bf5 23. Rae1 Rhe8 24. Qc3 h3 25. g3 Re2 26. Qa5 Qd4+ 27. Kh1 g6 28. Qc3 Rxe1 29. Rxe1 Qf2 30. Rg1 Ng4 0-1

[Event "Jurmala Termo Eko Cup 12th"]
[Site "Jurmala"]
[Date "2018.02.16"]
[Round "3"]
[White "Kretainis, Kristaps"]
[Black "Gudovskis, Konstantins"]
[Result "1/2-1/2"]
[WhiteElo "2274"]
[BlackElo "1977"]
[PlyCount "91"]
[EventDate "2018.02.14"]
[EventType "swiss"]
[EventRounds "7"]
[EventCountry "LAT"]
[SourceTitle "CBM 182 Extra"]
[Source "ChessBase"]
[SourceDate "2018.02.23"]
[SourceVersion "1"]
[SourceVersionDate "2018.02.23"]
[SourceQuality "1"]

1. e4 c5 2. Nf3 d6 3. Bc4 Nf6 4. d3 g6 5. e5 dxe5 6. Nxe5 e6 7. Qf3 Bg7 8. Bb5+ Kf8 9. Nc3 a6 10. Bc4 Nbd7 11. Bf4 Nxe5 12. Bxe5 Ra7 13. 0-0 b6 14. d4 cxd4 15. Rad1 Rd7 16. Ne2 Bb7 17. Qa3+ Qe7 18. Qxe7+ Kxe7 19. Rxd4 Rhd8 20. Bd3 Ne8 21. Bxg7 Nxg7 22. Rb4 Rd6 23. Nc3 Kd7 24. Ne4 Bxe4 25. Rxe4 a5 26. g4 f5 27. gxf5 gxf5 28. Rh4 h5 29. Kh1 Ke7 30. b4 axb4 31. Rxb4 e5 32. f3 Rc8 33. Rfb1 Rcc6 34. Rb5 Kf6 35. Re1 Re6 36. Rd5 Ne8 37. Rd8 Nd6 38. Rh8 e4 39. Rh6+ Ke5 40. Rxe6+ Kxe6 41. fxe4 fxe4 42. Bxe4 Nxe4 43. Rxe4+ Kf5 44. Re2 Rc3 45. Kg2 Ra3 46. c4 1/2-1/2

[Event "LAT-chT"]
[Site "Riga"]
[Date "2017.11.20"]
[Round "6.4"]
[White "Kolesnikovs, Ivans"]
[Black "Kretainis, Kristaps"]
[Result "1-0"]
[WhiteElo "1991"]
[BlackElo "2281"]
[PlyCount "85"]
[EventDate "2017.11.17"]
[EventType "team-swiss"]
[EventRounds "7"]
[EventCountry "LAT"]
[SourceTitle "CBM 181 Extra"]
[Source "ChessBase"]
[SourceDate "2017.12.12"]
[SourceVersion "1"]
[SourceVersionDate "2017.12.12"]
[SourceQuality "1"]
[WhiteTeam "The Royal Biograph"]
[BlackTeam "Istra A/RSF"]
[WhiteTeamCountry "LAT"]
[BlackTeamCountry "LAT"]

1. d4 b6 2. e4 Bb7 3. Nc3 e6 4. a3 Nf6 5. Bd3 c5 6. Nf3 d5 7. e5 Ne4 8. 0-0 Nxc3 9. bxc3 Be7 10. Bb5+ Nc6 11. g3 0-0 12. h4 c4 13. Bxc6 Bxc6 14. Ng5 Bd7 15. Qh5 h6 16. Nh3 Qe8 17. Qg4 Kh7 18. Kg2 Rh8 19. Rh1 b5 20. Qf3 g6 21. g4 Qf8 22. h5 gxh5 23. g5 Qg7 24. Kf1 hxg5 25. Bxg5 Bxg5 26. Nxg5+ Kg8 27. Rg1 Rh6 28. Ne4 dxe4 29. Rxg7+ Kxg7 30. Qxe4 Rah8 31. Ke2 Rg6 32. Rh1 Rhh6 33. Rh4 Rg5 34. Qb7 b4 35. Qxd7 bxa3 36. Qxa7 Rhg6 37. Qxa3 Rf5 38. Qa1 Rgg5 39. Qf1 Kg6 40. Ke1 Rg4 41. Rxg4+ hxg4 42. Qxc4 Kg5 43. Qe2 1-0

[Event "LAT-chT"]
[Site "Riga"]
[Date "2017.11.17"]
[Round "1.1"]
[White "Kretainis, Kristaps"]
[Black "Grigorov, Grigor"]
[Result "1/2-1/2"]
[WhiteElo "2281"]
[BlackElo "2510"]
[PlyCount "118"]
[EventDate "2017.11.17"]
[EventType "team-swiss"]
[EventRounds "7"]
[EventCountry "LAT"]
[SourceTitle "CBM 181 Extra"]
[Source "ChessBase"]
[SourceDate "2017.12.12"]
[SourceVersion "1"]
[SourceVersionDate "2017.12.12"]
[SourceQuality "1"]
[WhiteTeam "Istra A/RSF"]
[BlackTeam "RTU WASA"]
[WhiteTeamCountry "LAT"]
[BlackTeamCountry "LAT"]

1. Nf3 d5 2. b3 Nf6 3. Bb2 e6 4. g3 Be7 5. Bg2 0-0 6. 0-0 b6 7. d3 Bb7 8. Nbd2 c5 9. e4 Nc6 10. Re1 Qc7 11. exd5 Nxd5 12. Ne4 Rad8 13. a3 b5 14. c4 bxc4 15. bxc4 Nb6 16. Qc2 e5 17. Nc3 f6 18. Nd5 Qd7 19. Nd2 Nxd5 20. Bxd5+ Kh8 21. Ne4 Rfe8 22. Qd1 Nd4 23. Bxb7 Qxb7 24. Bxd4 cxd4 25. Qa4 f5 26. Nd2 Bg5 27. f4 Bh6 28. Ra2 Qa8 29. Nf1 exf4 30. Rae2 Rxe2 31. Rxe2 fxg3 32. hxg3 f4 33. Re4 fxg3 34. Nxg3 Be3+ 35. Kg2 Rf8 36. Qd7 g6 37. Kh3 Rd8 38. Qc7 Qc8+ 39. Qxc8 Rxc8 40. Re7 a5 41. Ne4 Rc6 42. Ra7 h5 43. Rxa5 Kg7 44. a4 Bf4 45. Rd5 Rb6 46. Rb5 Ra6 47. a5 Kh6 48. Nc5 Ra8 49. a6 Bd6 50. Ra5 Bxc5 51. Rxc5 Rxa6 52. Rd5 Re6 53. Rxd4 Re3+ 54. Kg2 Re2+ 55. Kf3 Rc2 56. Rd5 g5 57. Rd6+ Kg7 58. Rd5 Kf6 59. Rd6+ Kf5 1/2-1/2